[Event "DVM U20 2018"]
[Site "Osnabrück GER"]
[Date "2018.12.28"]
[Round "3"]
[White "Rietschel, Tilo"]
[Black "Klinkhart, Thorbjörn"]
[Result "1-0"]
[Termination "normal"]
[Board "4.4"]
[WhiteElo "1916"]
[BlackElo "1912"]
[WhiteClock "00:40:48"]
[BlackClock "00:24:52"]
[WhiteTeam "Lübecker SV"]
[BlackTeam "FVS ASP Hoyerswerda"]
[PlyCount "119"]
[WhiteFideId "16208390"]
[BlackFideId "12966428"]
[EventCountry "GER"]
[EventRounds "7"]
[EventType "team-swiss"]
[EventDate "2018.12.26"]

1. e4 {[%clk 1:30:59]} d6 {[%clk 1:30:54]} 2. d4 {[%clk 1:31:25]} Nf6 {[%clk
1:31:14]} 3. Nc3 {[%clk 1:31:51]} Nbd7 {[%clk 1:31:27]} 4. Be3 {[%clk 1:31:37]}
e5 5. Nf3 {[%clk 1:29:46]} Be7 {[%clk 1:32:04]} 6. Bc4 {[%clk 1:28:58]} O-O 7.
h3 {[%clk 1:26:19]} h6 {[%clk 1:32:14]} 8. O-O {[%clk 1:26:40]} c6 {[%clk
1:32:30]} 9. a4 {[%clk 1:25:06]} Qc7 {[%clk 1:32:33]} 10. Bb3 {[%clk 1:22:40]}
Re8 {[%clk 1:31:45]} 11. Nd2 {[%clk 1:19:00]} Nh7 {[%clk 1:28:04]} 12. Qh5
{[%clk 1:16:34]} Rf8 {[%clk 1:21:37]} 13. Rad1 Bg5 14. f4 {[%clk 0:54:30]} exf4
{[%clk 1:20:09]} 15. Bxf4 {[%clk 0:54:52]} Bxf4 {[%clk 1:20:16]} 16. Rxf4
{[%clk 0:55:04]} Ndf6 17. Qe2 {[%clk 0:50:29]} d5 {[%clk 1:13:48]} 18. Rdf1
{[%clk 0:46:49]} Be6 {[%clk 1:10:41]} 19. e5 {[%clk 0:42:08]} Ne8 {[%clk
1:07:34]} 20. Nd1 {[%clk 0:41:39]} Qd7 {[%clk 1:05:52]} 21. c3 {[%clk 0:41:21]}
Ng5 {[%clk 1:03:56]} 22. h4 {[%clk 0:39:34]} Nh7 {[%clk 1:03:14]} 23. Bc2
{[%clk 0:39:18]} g6 {[%clk 1:01:45]} 24. Ne3 {[%clk 0:26:31]} h5 25. Nf3 {[%clk
0:24:16]} Rc8 {[%clk 0:42:13]} 26. g4 Ng7 {[%clk 0:25:49]} 27. Ng5 {[%clk
0:23:13]} Nxg5 {[%clk 0:22:18]} 28. hxg5 Bxg4 {[%clk 0:17:02]} 29. Nxg4 {[%clk
0:23:51]} hxg4 {[%clk 0:17:24]} 30. Rxg4 {[%clk 0:23:22]} Nh5 {[%clk 0:15:43]}
31. Rh4 {[%clk 0:22:50]} Kg7 {[%clk 0:14:55]} 32. Qg2 {[%clk 0:21:11]} Rh8
{[%clk 0:13:57]} 33. Bd1 {[%clk 0:18:22]} Rcf8 {[%clk 0:12:53]} 34. Rf6 Rh7
{[%clk 0:11:09]} 35. Bg4 {[%clk 0:15:54]} Qe7 {[%clk 0:10:27]} 36. Bxh5 {[%clk
0:13:34]} Rxh5 {[%clk 0:07:56]} 37. Rxh5 {[%clk 0:13:59]} gxh5 {[%clk 0:08:19]}
38. g6 {[%clk 0:13:09]} Qxf6 {[%clk 0:07:12]} 39. exf6+ {[%clk 0:13:31]} Kxf6
{[%clk 0:07:35]} 40. gxf7 {[%clk 0:12:46]} Rxf7 {[%clk 0:07:52]} 41. Qf3+
{[%clk 0:12:44]} Kg6 {[%clk 0:07:57]} 42. Qg3+ {[%clk 0:12:40]} Kh6 {[%clk
0:07:42]} 43. Qe3+ {[%clk 0:12:39]} Kg6 {[%clk 0:07:50]} 44. Kg2 {[%clk
0:12:17]} Rf5 {[%clk 0:05:41]} 45. Qe7 {[%clk 0:11:07]} Rf7 {[%clk 0:04:59]}
46. Qe8 {[%clk 0:11:08]} Kf6 {[%clk 0:05:09]} 47. Kh3 {[%clk 0:11:01]} Re7
{[%clk 0:03:30]} 48. Qxh5 Re4 {[%clk 0:02:45]} 49. Qh6+ {[%clk 0:11:11]} Kf5
{[%clk 0:02:27]} 50. Kg3 {[%clk 0:11:22]} Re7 {[%clk 0:00:40]} 51. Qf8+ {[%clk
0:10:46]} Ke6 {[%clk 0:00:59]} 52. b3 {[%clk 0:09:35]} Kd7 {[%clk 0:28:44]} 53.
Qb8 {[%clk 0:40:50]} Re3+ {[%clk 0:28:58]} 54. Kf4 {[%clk 0:41:12]} Rxc3 {[%clk
0:29:21]} 55. Qxb7+ {[%clk 0:41:36]} Ke6 {[%clk 0:28:34]} 56. Qc8+ {[%clk
0:41:00]} Ke7 {[%clk 0:28:00]} 57. b4 {[%clk 0:40:49]} Rc4 {[%clk 0:28:14]} 58.
Ke5 {[%clk 0:41:01]} Kf7 {[%clk 0:26:12]} 59. a5 {[%clk 0:40:40]} Rc1 {[%clk
0:24:52]} 60. Qd7+ {[%clk 0:40:48]} 1-0

[Event "DVM U20 2018"]
[Site "Osnabrück GER"]
[Date "2018.12.28"]
[Round "3"]
[White "Laskow, Vincent"]
[Black "Tiedemann, Fin Niklas"]
[Result "1/2-1/2"]
[Termination "normal"]
[Board "4.5"]
[WhiteElo "1840"]
[BlackElo "1902"]
[WhiteClock "00:15:54"]
[BlackClock "00:17:01"]
[WhiteTeam "FVS ASP Hoyerswerda"]
[BlackTeam "Lübecker SV"]
[PlyCount "54"]
[WhiteFideId "12947652"]
[BlackFideId "12936936"]
[EventCountry "GER"]
[EventRounds "7"]
[EventType "team-swiss"]
[EventDate "2018.12.26"]

1. e4 {[%clk 1:30:58]} e5 {[%clk 1:30:53]} 2. Nf3 {[%clk 1:31:25]} Nc6 {[%clk
1:31:18]} 3. Bc4 {[%clk 1:31:52]} Be7 {[%clk 1:30:03]} 4. d3 {[%clk 1:32:18]}
Nf6 {[%clk 1:30:27]} 5. c3 {[%clk 1:32:45]} O-O {[%clk 1:30:31]} 6. Bb3 {[%clk
1:33:12]} d5 {[%clk 1:23:48]} 7. Nbd2 {[%clk 1:32:37]} Re8 8. Qe2 {[%clk
1:31:02]} Bf8 {[%clk 1:08:43]} 9. Nf1 {[%clk 1:30:59]} h6 {[%clk 1:02:20]} 10.
h3 Be6 {[%clk 1:00:55]} 11. Ng3 {[%clk 1:30:14]} dxe4 12. dxe4 {[%clk 1:29:54]}
Bxb3 {[%clk 0:59:31]} 13. axb3 {[%clk 1:30:14]} g6 {[%clk 0:47:51]} 14. O-O
{[%clk 1:22:41]} Qe7 {[%clk 0:42:48]} 15. Be3 {[%clk 1:16:16]} b6 {[%clk
0:39:00]} 16. b4 {[%clk 1:04:46]} Qe6 {[%clk 0:29:33]} 17. Ra6 {[%clk 1:04:37]}
Nb8 {[%clk 0:26:15]} 18. Ra4 Qc6 {[%clk 0:26:05]} 19. b5 {[%clk 0:57:58]} Qb7
{[%clk 0:26:23]} 20. Rfa1 {[%clk 0:56:45]} c6 21. b4 cxb5 {[%clk 0:19:17]} 22.
Qxb5 {[%clk 0:36:15]} Nc6 23. Qa6 {[%clk 0:32:06]} Qc7 {[%clk 0:17:19]} 24. Qc4
{[%clk 0:31:38]} Qb7 {[%clk 0:16:21]} 25. Qa6 {[%clk 0:28:22]} Qc7 {[%clk
0:16:37]} 26. Qc4 {[%clk 0:19:36]} Qb7 27. Qa6 {[%clk 0:15:54]} Qc7 {[%clk
0:17:01]} 1/2-1/2

[Event "DVM U20 2018"]
[Site "Osnabrück GER"]
[Date "2018.12.28"]
[Round "3"]
[White "Nagy, Lukas"]
[Black "Wierick, Dennis"]
[Result "1-0"]
[Termination "normal"]
[Board "4.6"]
[WhiteElo "1728"]
[BlackElo "1455"]
[WhiteClock "00:58:56"]
[BlackClock "00:36:13"]
[WhiteTeam "Lübecker SV"]
[BlackTeam "FVS ASP Hoyerswerda"]
[PlyCount "59"]
[WhiteFideId "16246098"]
[BlackFideId "16274768"]
[EventCountry "GER"]
[EventRounds "7"]
[EventType "team-swiss"]
[EventDate "2018.12.26"]

1. e4 {[%clk 1:30:57]} c5 {[%clk 1:30:45]} 2. Nf3 {[%clk 1:31:21]} e6 {[%clk
1:30:01]} 3. d4 {[%clk 1:31:41]} cxd4 4. Nxd4 Nf6 {[%clk 1:29:54]} 5. Nc3
{[%clk 1:31:57]} d6 6. Bb5+ {[%clk 1:29:22]} Nbd7 {[%clk 1:28:17]} 7. O-O
{[%clk 1:28:24]} a6 {[%clk 1:28:24]} 8. Bxd7+ {[%clk 1:27:54]} Qxd7 {[%clk
1:26:55]} 9. f4 {[%clk 1:26:07]} Be7 10. Qf3 Qc7 11. Be3 O-O 12. f5 e5 13. Nb3
b5 14. a3 Bb7 15. g4 {[%clk 1:09:16]} Kh8 {[%clk 1:04:21]} 16. g5 {[%clk
1:08:54]} Nd7 {[%clk 1:03:10]} 17. Qh3 {[%clk 1:06:49]} g6 {[%clk 0:54:22]} 18.
f6 {[%clk 1:07:27]} Bd8 {[%clk 0:54:40]} 19. Qh6 {[%clk 1:06:15]} Rg8 {[%clk
0:53:22]} 20. Rf3 {[%clk 1:06:27]} Nf8 {[%clk 0:45:12]} 21. Raf1 {[%clk
1:05:15]} Qd7 {[%clk 0:43:19]} 22. Rh3 {[%clk 1:02:28]} Qg4+ {[%clk 0:42:56]}
23. Rg3 {[%clk 1:02:28]} Qe6 {[%clk 0:42:56]} 24. Rff3 Bc8 25. Nd5 {[%clk
0:58:26]} Qe8 {[%clk 0:40:46]} 26. Bb6 {[%clk 0:58:18]} Bxb6+ {[%clk 0:38:03]}
27. Nxb6 {[%clk 0:58:31]} Rb8 28. Nxc8 {[%clk 0:58:34]} Rxc8 {[%clk 0:36:13]}
29. Rh3 {[%clk 0:58:56]} Rxc2 30. Qxh7+ 1-0

[Event "DVM U20 2018"]
[Site "Osnabrück GER"]
[Date "2018.12.28"]
[Round "3"]
[White "Joeres, Stefan"]
[Black "Reindl, Arno"]
[Result "1-0"]
[Termination "normal"]
[Board "5.1"]
[WhiteElo "2093"]
[BlackElo "2053"]
[WhiteTeam "Karlsruher SF"]
[BlackTeam "SG Schwäbisch Gmünd"]
[PlyCount "29"]
[WhiteFideId "12983160"]
[BlackFideId "12946729"]
[EventCountry "GER"]
[EventRounds "7"]
[EventType "team-swiss"]
[EventDate "2018.12.26"]

1. e4 c5 2. Nf3 Nf6 3. Nc3 d5 4. exd5 Nxd5 5. Bb5+ Bd7 6. Ne5 e6 7. Nxd7 Nxd7
8. Nxd5 exd5 9. O-O Be7 10. Qg4 a6 11. Qxg7 Rf8 12. Bd3 Nf6 13. Re1 Qd6 14. Bf5
Kd8 15. d3 1-0

[Event "DVM U20 2018"]
[Site "Osnabrück GER"]
[Date "2018.12.28"]
[Round "3"]
[White "Kasüschke, Lars"]
[Black "Koll, Lukas"]
[Result "0-1"]
[Termination "normal"]
[Board "5.2"]
[WhiteElo "1987"]
[BlackElo "1993"]
[WhiteTeam "SG Schwäbisch Gmünd"]
[BlackTeam "Karlsruher SF"]
[PlyCount "86"]
[WhiteFideId "12939510"]
[BlackFideId "12969737"]
[EventCountry "GER"]
[EventRounds "7"]
[EventType "team-swiss"]
[EventDate "2018.12.26"]

1. e4 c6 2. d4 d5 3. e5 Bf5 4. Nf3 e6 5. Be2 Ne7 6. O-O c5 7. dxc5 Nec6 8. Be3
Nd7 9. c4 dxc4 10. Qa4 Bxc5 11. Bxc5 Nxc5 12. Qb5 Qb6 13. Bxc4 Ke7 14. Re1 Qxb5
15. Bxb5 Nb4 16. Nd4 Rhd8 17. Nxf5+ exf5 18. Rc1 Nbd3 19. Rc2 a6 20. Bxd3 Nxd3
21. Nc3 Rac8 22. Re2 Nxb2 23. Rxb2 Rxc3 24. Rxb7+ Rd7 25. Rxd7+ Kxd7 26. Kf1
Ke6 27. Rb1 Ra3 28. Rb2 Kxe5 29. Ke2 g5 30. Rc2 g4 31. Rb2 h5 32. Rc2 h4 33. f3
h3 34. gxh3 Rxf3 35. hxg4 fxg4 36. Rc5+ Kf4 37. Ra5 Rh3 38. Rxa6 Rxh2+ 39. Kf1
f5 40. Ra4+ Kg5 41. Ra8 g3 42. a4 Ra2 43. a5 Kg4 0-1

[Event "DVM U20 2018"]
[Site "Osnabrück GER"]
[Date "2018.12.28"]
[Round "3"]
[White "Wegmer, Leon"]
[Black "Baars, Mario"]
[Result "1-0"]
[Termination "normal"]
[Board "5.3"]
[WhiteElo "1892"]
[BlackElo "1840"]
[WhiteTeam "Karlsruher SF"]
[BlackTeam "SG Schwäbisch Gmünd"]
[PlyCount "117"]
[WhiteFideId "12983748"]
[BlackFideId "16200160"]
[EventCountry "GER"]
[EventRounds "7"]
[EventType "team-swiss"]
[EventDate "2018.12.26"]

1. e4 c6 2. d4 d5 3. exd5 cxd5 4. Bd3 Nc6 5. c3 Nf6 6. Bf4 Bg4 7. Qb3 Qc8 8.
Nd2 Bh5 9. Ngf3 Bg6 10. Bxg6 hxg6 11. O-O e6 12. Rae1 Be7 13. Ne5 O-O 14. Re3
Nh5 15. Bg3 Nxg3 16. Rxg3 Nxe5 17. dxe5 b5 18. Nf3 Qc4 19. Nd4 Qxb3 20. axb3
Bc5 21. Nxb5 Rab8 22. Nd4 Bxd4 23. cxd4 Rfc8 24. Rd3 Rc2 25. Rb1 a5 26. Kf1 Rb4
27. Ke1 Kf8 28. Rc3 Rxc3 29. bxc3 Rb6 30. Kd2 Ke7 31. Kc2 g5 32. Ra1 Ra6 33. g3
f6 34. f4 gxf4 35. gxf4 g5 36. fxg5 fxg5 37. Rg1 a4 38. Rxg5 axb3+ 39. Kxb3 Ra1
40. Rh5 Kf7 41. Rh6 Rb1+ 42. Kc2 Ra1 43. h4 Rh1 44. h5 Rg1 45. Rh7+ Kf8 46. h6
Rh1 47. Rh8+ Kf7 48. h7 Rh6 49. Rd8 Rxh7 50. Rd7+ Kg6 51. Rxh7 Kxh7 52. c4 dxc4
53. Kc3 Kg6 54. Kxc4 Kf7 55. Kc5 Ke7 56. Kc6 Ke8 57. Kd6 Kf7 58. Kd7 Kf8 59.
Kxe6 1-0

[Event "DVM U20 2018"]
[Site "Osnabrück GER"]
[Date "2018.12.28"]
[Round "3"]
[White "Reindl, Knut"]
[Black "Wiesner, Alexander"]
[Result "1/2-1/2"]
[Termination "normal"]
[Board "5.4"]
[WhiteElo "1857"]
[BlackElo "1939"]
[WhiteTeam "SG Schwäbisch Gmünd"]
[BlackTeam "Karlsruher SF"]
[PlyCount "75"]
[WhiteFideId "12946753"]
[BlackFideId "12943991"]
[EventCountry "GER"]
[EventRounds "7"]
[EventType "team-swiss"]
[EventDate "2018.12.26"]

1. c4 e5 2. Nc3 Nc6 3. Nf3 d6 4. d4 Nf6 5. dxe5 Nxe5 6. Nxe5 dxe5 7. Qxd8+ Kxd8
8. Bg5 c6 9. e4 Be7 10. O-O-O+ Nd7 11. Bxe7+ Kxe7 12. g3 Nc5 13. Bg2 Be6 14. b3
Rhd8 15. Rxd8 Rxd8 16. Rd1 Nd3+ 17. Kc2 Nxf2 18. Rxd8 Kxd8 19. Kd2 Ng4 20. h3
Nf2 21. g4 h5 22. Ke2 Nxg4 23. hxg4 Bxg4+ 24. Kf2 Ke7 25. Kg3 g6 26. Bh3 Bxh3
27. Kxh3 Kd6 28. b4 b6 29. Kh4 f6 30. Na4 Kd7 31. Nc3 Kd6 32. Kg3 Kd7 33. Kh4
Kd6 34. a3 Kd7 35. Kh3 Ke6 36. Kh4 Kd7 37. Kh3 Kd6 38. Kh4 1/2-1/2

[Event "DVM U20 2018"]
[Site "Osnabrück GER"]
[Date "2018.12.28"]
[Round "3"]
[White "Fidlin, Simon"]
[Black "Lang, Thomas"]
[Result "1/2-1/2"]
[Termination "normal"]
[Board "5.5"]
[WhiteElo "1893"]
[BlackElo "1757"]
[WhiteTeam "Karlsruher SF"]
[BlackTeam "SG Schwäbisch Gmünd"]
[PlyCount "71"]
[WhiteFideId "16217535"]
[BlackFideId "12982520"]
[EventCountry "GER"]
[EventRounds "7"]
[EventType "team-swiss"]
[EventDate "2018.12.26"]

1. e4 c5 2. Nf3 d6 3. d4 cxd4 4. Nxd4 Nf6 5. Nc3 g6 6. Be3 Bg7 7. Be2 O-O 8.
Qd2 Nc6 9. O-O-O Nxd4 10. Bxd4 Be6 11. f3 Qa5 12. Kb1 Kh8 13. Nd5 Qxd2 14. Rxd2
Bxd5 15. exd5 Nd7 16. Re1 a6 17. Bd1 Rfe8 18. c3 Kg8 19. a4 b5 20. Rde2 Ne5 21.
Bc2 g5 22. h4 h6 23. hxg5 hxg5 24. Rf2 Nd7 25. Bxg7 Kxg7 26. g3 Nf6 27. axb5
axb5 28. Bb3 Ra7 29. f4 Nh7 30. Rfe2 gxf4 31. gxf4 Kf6 32. Bc2 Nf8 33. Bd3 Rb8
34. Rh1 Ng6 35. Rg2 b4 36. c4 1/2-1/2

[Event "DVM U20 2018"]
[Site "Osnabrück GER"]
[Date "2018.12.28"]
[Round "3"]
[White "Reindl, Jork"]
[Black "Grining, Maria"]
[Result "1-0"]
[Termination "normal"]
[Board "5.6"]
[WhiteElo "1654"]
[BlackElo "1618"]
[WhiteTeam "SG Schwäbisch Gmünd"]
[BlackTeam "Karlsruher SF"]
[PlyCount "127"]
[WhiteFideId "16200152"]
[BlackFideId "16235037"]
[EventCountry "GER"]
[EventRounds "7"]
[EventType "team-swiss"]
[EventDate "2018.12.26"]

1. e4 c6 2. d4 d5 3. Nc3 dxe4 4. Nxe4 Nf6 5. Ng3 g6 6. Nf3 Bg7 7. Bc4 Nbd7 8.
O-O O-O 9. c3 Qc7 10. Re1 b5 11. Bb3 Nb6 12. Qd2 Nbd5 13. Qe2 a5 14. a4 Be6 15.
Bxd5 Nxd5 16. axb5 cxb5 17. Qxb5 Rfb8 18. Qe2 Ra7 19. Ng5 Rb6 20. Qf3 Nf6 21.
Nxe6 fxe6 22. Qe2 Ra8 23. Qd3 Rab8 24. Rxa5 Rxb2 25. Rc5 Qd7 26. Bxb2 Rxb2 27.
Rb1 Ra2 28. Rcb5 Nd5 29. Qf3 Bf6 30. Ne4 Rc2 31. Nxf6+ Nxf6 32. R5b2 Qa4 33.
Rxc2 Qxc2 34. Rb8+ Kf7 35. g4 Qd2 36. h3 g5 37. Qe3 Qxe3 38. fxe3 Nd5 39. c4
Nxe3 40. c5 Nd5 41. c6 e5 42. dxe5 Ke6 43. Rd8 Nb6 44. c7 Kxe5 45. c8=Q Nxc8
46. Rxc8 Ke4 47. Kf2 e5 48. Rh8 Kd3 49. Rxh7 e4 50. Rd7+ Kc2 51. Ke3 Kc1 52.
Kxe4 Kc2 53. Ke3 Kc1 54. Rd5 Kc2 55. Rxg5 Kc1 56. h4 Kc2 57. h5 Kc1 58. h6 Kc2
59. h7 Kb1 60. Rc5 Ka2 61. h8=Q Kb3 62. Qb8+ Ka4 63. Rc1 Ka3 64. Ra1# 1-0

[Event "DVM U20 2018"]
[Site "Osnabrück GER"]
[Date "2018.12.28"]
[Round "3"]
[White "Zähringer, Daniel"]
[Black "Browning, Alex"]
[Result "1/2-1/2"]
[Termination "normal"]
[Board "6.1"]
[WhiteElo "2142"]
[BlackElo "2052"]
[WhiteTeam "SK König Plauen"]
[BlackTeam "Märkischer Springer Halver-Schalksmühle"]
[PlyCount "41"]
[WhiteFideId "12970280"]
[BlackFideId "12984019"]
[EventCountry "GER"]
[EventRounds "7"]
[EventType "team-swiss"]
[EventDate "2018.12.26"]

1. d4 Nf6 2. c4 g6 3. Nc3 Bg7 4. e4 O-O 5. Be3 d6 6. f3 Nc6 7. Qd2 a6 8. Nge2
Rb8 9. Rc1 Bd7 10. Nd1 b5 11. c5 e6 12. Nf2 Qe7 13. g3 Rfd8 14. Nd3 Be8 15.
cxd6 cxd6 16. Bg2 Rdc8 17. O-O Qd8 18. Rc2 a5 19. Rfc1 Bd7 20. Bf1 a4 21. Nb4
1/2-1/2

[Event "DVM U20 2018"]
[Site "Osnabrück GER"]
[Date "2018.12.28"]
[Round "3"]
[White "von Bargen, Lukas"]
[Black "Burian, Simon"]
[Result "0-1"]
[Termination "normal"]
[Board "6.2"]
[WhiteElo "1974"]
[BlackElo "2129"]
[WhiteTeam "Märkischer Springer Halver-Schalksmühle"]
[BlackTeam "SK König Plauen"]
[PlyCount "130"]
[WhiteFideId "12946141"]
[BlackFideId "12956902"]
[EventCountry "GER"]
[EventRounds "7"]
[EventType "team-swiss"]
[EventDate "2018.12.26"]

1. d4 Nf6 2. c4 g6 3. Nf3 Bg7 4. g3 d5 5. cxd5 Nxd5 6. Bg2 O-O 7. O-O c6 8. Nc3
Nxc3 9. bxc3 Qa5 10. Qb3 c5 11. Qa3 Qxa3 12. Bxa3 Na6 13. dxc5 Bxc3 14. Rab1
Bf6 15. Nd2 Rb8 16. Ne4 Be5 17. c6 bxc6 18. Bxe7 Rxb1 19. Rxb1 Re8 20. Nf6+
Bxf6 21. Bxf6 Re6 22. Bc3 Kf8 23. Rd1 Ke7 24. e4 Rd6 25. Rc1 c5 26. e5 Rb6 27.
Be4 Be6 28. Ba5 Rb5 29. Bd2 Bxa2 30. Bg5+ Ke6 31. Rd1 Kxe5 32. Bc6 Rb1 33. f4+
Kf5 34. Rxb1 Bxb1 35. Kf2 Nb4 36. g4+ Ke6 37. Bb5 Ba2 38. Ke3 a6 39. Ba4 Nd5+
40. Kd3 Bb1+ 41. Kd2 c4 42. Bc6 Nb4 43. Bb7 f6 44. Bh4 a5 45. Kc3 Bd3 46. Bf2
Nc2 47. Bc6 Kd6 48. Bb5 Na3 49. Be8 Nb1+ 50. Kd4 Nd2 51. Ke3 Nb3 52. Bh4 f5 53.
gxf5 Bxf5 54. Bf6 Be6 55. Ba4 Nc5 56. Be5+ Kd5 57. Bd1 Kc6 58. Kd4 Bd5 59. Bf6
a4 60. Be7 a3 61. Bxc5 a2 62. Ba4+ Kc7 63. Kxd5 a1=Q 64. Bd6+ Kd8 65. Bc6 c3
0-1

[Event "DVM U20 2018"]
[Site "Osnabrück GER"]
[Date "2018.12.28"]
[Round "3"]
[White "Linnert, Niklas"]
[Black "Kroo, Julian"]
[Result "1-0"]
[Termination "normal"]
[Board "6.3"]
[WhiteElo "1939"]
[BlackElo "1827"]
[WhiteTeam "SK König Plauen"]
[BlackTeam "Märkischer Springer Halver-Schalksmühle"]
[PlyCount "125"]
[WhiteFideId "12974781"]
[BlackFideId "12989908"]
[EventCountry "GER"]
[EventRounds "7"]
[EventType "team-swiss"]
[EventDate "2018.12.26"]

1. e4 c5 2. Nf3 d6 3. d4 cxd4 4. Nxd4 Nf6 5. Nc3 e6 6. Be3 Be7 7. f3 a6 8. Qd2
b5 9. O-O-O Bb7 10. Kb1 Nc6 11. g4 Rc8 12. h4 Nd7 13. Be2 Nc5 14. Nxc6 Bxc6 15.
Bd3 Qc7 16. g5 d5 17. exd5 exd5 18. Bf5 Ne6 19. Nxd5 Bxd5 20. Qxd5 Rd8 21. Qe4
Rc8 22. Rhe1 Qc6 23. Bd4 Qxe4 24. Rxe4 Rc6 25. Bxe6 fxe6 26. Bxg7 Rg8 27. Bc3
Rf8 28. f4 Rf5 29. Be5 h6 30. c3 Rc8 31. Bg7 hxg5 32. fxg5 Kf7 33. Rd7 Rd8 34.
Rxd8 Bxd8 35. Bd4 Bc7 36. Bf6 e5 37. a3 Kg6 38. c4 Rf4 39. Rxf4 exf4 40. cxb5
Bb6 41. Kc2 f3 42. Kd3 axb5 43. Bc3 Bf2 44. Ke4 Bxh4 45. Kxf3 Bxg5 46. Ke4 Kf7
47. Kd5 Ke7 48. Kc6 Kd8 49. Kxb5 Kc7 50. Ka6 Kb8 51. Be5+ Ka8 52. Bd4 Bc1 53.
b4 Bxa3 54. b5 Bd6 55. b6 Kb8 56. Be3 Kc8 57. Ka7 Kd7 58. Ka8 Kc6 59. b7 Kb5
60. Ba7 Ka6 61. Bb8 Bc5 62. Bf4 Ba7 63. Bg3 1-0

[Event "DVM U20 2018"]
[Site "Osnabrück GER"]
[Date "2018.12.28"]
[Round "3"]
[White "Kölz, Niklas"]
[Black "Hörkner, Nico"]
[Result "1-0"]
[Termination "normal"]
[Board "6.4"]
[WhiteElo "1778"]
[BlackElo "1775"]
[WhiteTeam "Märkischer Springer Halver-Schalksmühle"]
[BlackTeam "SK König Plauen"]
[PlyCount "35"]
[WhiteFideId "12971758"]
[BlackFideId "12974900"]
[EventCountry "GER"]
[EventRounds "7"]
[EventType "team-swiss"]
[EventDate "2018.12.26"]

1. c4 Nf6 2. f4 e6 3. Nc3 d5 4. cxd5 exd5 5. d4 c5 6. e3 Nc6 7. Nf3 Bg4 8. Be2
Ne4 9. O-O Nxc3 10. bxc3 c4 11. Ne5 Bf5 12. Bg4 Bxg4 13. Qxg4 Qc8 14. Qf3 Qd8
15. Rb1 Na5 16. Rb5 Be7 17. Rxd5 Qb6 18. Qg4 1-0

[Event "DVM U20 2018"]
[Site "Osnabrück GER"]
[Date "2018.12.28"]
[Round "3"]
[White "Helmrich, Daniel"]
[Black "Leonidas, Robert"]
[Result "1/2-1/2"]
[Termination "normal"]
[Board "6.5"]
[WhiteElo "1783"]
[BlackElo "1362"]
[WhiteTeam "SK König Plauen"]
[BlackTeam "Märkischer Springer Halver-Schalksmühle"]
[PlyCount "42"]
[WhiteFideId "12956767"]
[BlackFideId "16274776"]
[EventCountry "GER"]
[EventRounds "7"]
[EventType "team-swiss"]
[EventDate "2018.12.26"]

1. d4 d5 2. Bf4 Nf6 3. e3 c5 4. c3 Bf5 5. Bd3 Bxd3 6. Qxd3 e6 7. Nf3 Nc6 8.
Nbd2 Bd6 9. Ne5 Qc7 10. Ndf3 Ne4 11. Qc2 f6 12. Nd3 c4 13. Bxd6 Qxd6 14. Nf4 e5
15. Nh5 g6 16. Ng3 Nxg3 17. dxe5 Nxe5 18. hxg3 Nd3+ 19. Ke2 b5 20. Nd4 a6 21.
a3 Kf7 1/2-1/2

[Event "DVM U20 2018"]
[Site "Osnabrück GER"]
[Date "2018.12.28"]
[Round "3"]
[White "Wacker, Felix"]
[Black "Oberhofer, Cédric"]
[Result "1/2-1/2"]
[Termination "normal"]
[Board "7.1"]
[WhiteElo "1999"]
[BlackElo "2260"]
[WhiteTeam "SC 1997 Lambsheim"]
[BlackTeam "SC Bavaria Regensburg"]
[PlyCount "88"]
[WhiteFideId "12953040"]
[BlackFideId "12941220"]
[EventCountry "GER"]
[EventRounds "7"]
[EventType "team-swiss"]
[EventDate "2018.12.26"]

1. e4 c5 2. Nf3 Nc6 3. d4 cxd4 4. Nxd4 b6 5. Nb3 Nf6 6. Nc3 e6 7. Be3 Qc7 8. a3
a6 9. f4 d6 10. Bd3 Be7 11. Qf3 b5 12. O-O O-O 13. Rae1 Rb8 14. Qg3 b4 15. Ne2
bxa3 16. bxa3 Kh8 17. Ned4 e5 18. Nxc6 exf4 19. Qxf4 Qxc6 20. Nd4 Qc7 21. Nf5
Bxf5 22. Qxf5 Nd7 23. Bd4 Ne5 24. Re3 Qc8 25. Qh5 Qg4 26. Qxg4 Nxg4 27. Rg3 Bf6
28. Ba7 Rb7 29. Rxg4 Rxa7 30. Rb1 g6 31. Kf1 Be5 32. Rh4 Rc8 33. Rb3 Rc5 34.
Rh3 Kg7 35. Rf3 a5 36. a4 Rac7 37. c4 h5 38. h3 h4 39. Ke2 Re7 40. Rf1 Bd4 41.
Rb5 f5 42. Rxc5 dxc5 43. Kf3 fxe4+ 44. Bxe4 Rf7+ 1/2-1/2

[Event "DVM U20 2018"]
[Site "Osnabrück GER"]
[Date "2018.12.28"]
[Round "3"]
[White "Goldbeck, Lars"]
[Black "Mühlpfordt, Thomas"]
[Result "1-0"]
[Termination "normal"]
[Board "7.2"]
[WhiteElo "2172"]
[BlackElo "1927"]
[WhiteTeam "SC Bavaria Regensburg"]
[BlackTeam "SC 1997 Lambsheim"]
[PlyCount "115"]
[WhiteFideId "16208188"]
[BlackFideId "12986623"]
[EventCountry "GER"]
[EventRounds "7"]
[EventType "team-swiss"]
[EventDate "2018.12.26"]

1. d4 d5 2. c4 c6 3. cxd5 cxd5 4. Bg5 Nc6 5. Nc3 h6 6. Bh4 g5 7. Bg3 Bg7 8. e3
Bf5 9. Qb3 Nf6 10. Qxb7 Na5 11. Bb5+ Kf8 12. Qc7 Nc4 13. Bxc4 dxc4 14. Qxc4 Rc8
15. Qb3 Qa5 16. Nge2 Ne4 17. f3 Nxc3 18. Nxc3 Bd3 19. Kf2 f5 20. Rhd1 Bc4 21.
Qc2 f4 22. exf4 Rd8 23. Kg1 Bxd4+ 24. Bf2 Bxf2+ 25. Qxf2 Rxd1+ 26. Rxd1 gxf4
27. Qd4 Qb6 28. Qxb6 axb6 29. Rd4 Be6 30. Rxf4+ Kg7 31. Rb4 Rb8 32. a4 Bd7 33.
a5 b5 34. Rd4 Be8 35. b4 Rc8 36. Nd5 Kf7 37. Re4 e6 38. Rf4+ Kg7 39. Nb6 Rc2
40. Rd4 Kf6 41. Rd8 Ke7 42. Rb8 Bc6 43. Nc8+ Kd7 44. Na7 Rb2 45. Nxc6 Kxc6 46.
Rb6+ Kd5 47. Rxb5+ Kc4 48. Rb6 Kd3 49. a6 e5 50. b5 Ke3 51. h4 Rb1+ 52. Kh2 Kf2
53. a7 Rg1 54. Rg6 Ra1 55. b6 h5 56. b7 Ra4 57. g3 Kxf3 58. a8=Q 1-0

[Event "DVM U20 2018"]
[Site "Osnabrück GER"]
[Date "2018.12.28"]
[Round "3"]
[White "Wacker, Andreas"]
[Black "Dechant, Georg"]
[Result "0-1"]
[Termination "normal"]
[Board "7.3"]
[WhiteElo "1863"]
[BlackElo "2104"]
[WhiteTeam "SC 1997 Lambsheim"]
[BlackTeam "SC Bavaria Regensburg"]
[PlyCount "56"]
[WhiteFideId "12953083"]
[BlackFideId "12956716"]
[EventCountry "GER"]
[EventRounds "7"]
[EventType "team-swiss"]
[EventDate "2018.12.26"]

1. e4 c5 2. Nc3 Nc6 3. g3 g6 4. Bg2 Bg7 5. d3 d6 6. Be3 e6 7. Qd2 Nge7 8. f4 b6
9. Nf3 O-O 10. O-O d5 11. exd5 exd5 12. d4 Nf5 13. Bf2 Ba6 14. Rfe1 cxd4 15.
Nxd5 Rc8 16. Ne5 Nxe5 17. fxe5 Bc4 18. Nf4 Re8 19. g4 Nh6 20. h3 Rxe5 21. Rxe5
Bxe5 22. Nxg6 hxg6 23. Qxh6 Bd5 24. Bxd5 Qxd5 25. Qd2 Qf3 26. Re1 Re8 27. c3
dxc3 28. bxc3 Qxh3 0-1